| 000 | 00388pam a2200145 a 4500 | ||
|---|---|---|---|
| 020 |
_a0-19-564548-0 _c |
||
| 040 | _aRBUC_700050 | ||
| 041 | _aeng | ||
| 245 |
_aUnfinished Business : _bIndia in the world Economy / _cDeep Lal . _hTextual Documents |
||
| 260 |
_aOxford _bOxford University Press _c1999 |
||
| 300 | _axii,293p. | ||
| 365 | _aRs.550/ | ||
| 700 | _aLal, Deep | ||
| 930 | _a7827 | ||
| 999 |
_c84737 _d84737 |
||